000 00570nam a2200193Ia 4500
008 220216s9999 xx 000 0 und d
100 _aPhearun Phen
245 0 _aHevea brasiliensis: Results from the Cambodian large scale clone trials in 2011
260 _bIRRDB International Rubber Conference 14-17 December 2011 Chiang
650 _aCambodia
650 _aGrowth
650 _aHevea brasiliensis
650 _aLarge scale clonal trials
650 _aRubber
650 _aYield
700 _aClement-Demange A
700 _aMengchheang Kong
942 _cJS
999 _c60307
_d60307